Word Ladder: I'd Like to Solve the Puzzle Quiz Stats

 Plays Quiz Updated Mar 9, 2017

Support Sporcle.
Go Orange.
Score 0/12 Timer 01:30
0 Plays Today
Clue 5-Letter Word % Correct
Golf course vehiclesCARTS
93.7%
Witch facial featuresWARTS
89.1%
DesiresWANTS
86.9%
• Last name of 'Wheel of Fortune' hostess •
Not the yolk
• WHITE •
85.2%
• First name of 'Wheel of Fortune' hostess •
1902 play 'Monna ____'
• VANNA •
79.7%
'____ not, want not'WASTE
75.4%
Assigns partsCASTS
74.7%
Social classCASTE
72.7%
John who sings 'Missing You'WAITE
70%
Tools for magicians or mascaraWANDS
68.6%
Comedian Sykes or fish from filmWANDA
67.2%
Michael Jackson's '____ be Startin' Somethin'' WANNA
64.9%

Today's Daily Dose

You're not logged in!

Compare scores with friends on all Sporcle quizzes.
OR
Log In
Forgot?

From the Vault

Criteria 'C' Cities

by BoggelTeam

Well that's a lot of things to 'C'.
Remove Ads.
Support Sporcle.
Get the best of Sporcle when you Go Orange. This ad-free experience offers more features, more stats, and more fun while also helping to support Sporcle. Thank you for becoming a member.

Show Comments

Extras

Top Quizzes Today


Score Distribution

Your Account Isn't Verified!

In order to create a playlist on Sporcle, you need to verify the email address you used during registration. Go to your Sporcle Settings to finish the process.

Report this User

Report this user for behavior that violates our Community Guidelines.

Details: